000 00918cam a2200289 4500
001 18410
003 BD-RjUL
005 20211209000300.0
008 140220r19771968enk b 001 0 eng
020 _a0333027809
035 _a(BD-RjUL)18468
040 _aDLC
_cDLC
_dDLC
_dBD-RjUL
_beng
041 _aeng
082 0 0 _a822.33
_bSHA 1977
245 0 0 _aThe Shakespeare: The merchant of Venice :
_ba casebook /
_cedited by John Wilders.
260 _aLondon :
_bMacmillan,
_cc1969 [Reprint 1977]..
300 _a449 p. ;
_c21 cm.
490 0 _aCasebook series
504 _aBibliography: p. [241]-242 & Includes Index.
600 1 0 _aShakespeare, William,
_d1564-1616.
_xExaminations
_xStudy guides.
_9164140
650 0 _aShylock (Fictitious character)
_956715
650 0 _aJews in literature.
_956716
650 0 _aComedy.
_956717
700 1 _aWilders, John.
_956713
942 _2ddc
_cBK
999 _c18410
_d18410